000 00498nam a2200193Ia 4500
003 OSt
005 20220926040119.0
006 a|||||r|||| 00| 0
007 ta
008 220923b |||||||| |||| 00| 0 eng d
037 _cGeneral Book
040 _aRTL
_cRTL
_beng
041 _2eng
_aeng
082 _aY:5.2.N3, G
100 _aRaja K C K E
_9343170
245 0 _aPamphlets on population in India.
942 _hY:5.2.N3, G
_cGB
_2CC
999 _c663911
_d663911